00322nam a2200121Ia 4500008004100000041000800041082001800049100001900067245003200086260004400118300003100162365000700193240624s9999 xx 000 0 und d aeng a629.86263 MUR aMURPHY ROBIN R aINTRODUCTION TO AI ROBOTICS c2005aNew DelhibPrentice-Hall of India axix, : 466 : p. : cm. ; 26 cRS